Psychological aspects of cyberspace : (Record no. 763555)
[ view plain ]
| 000 -LEADER | |
|---|---|
| fixed length control field | 01404nam a2200349 a 4500 |
| 001 - CONTROL NUMBER | |
| control field | vtls000940291 |
| 003 - CONTROL NUMBER IDENTIFIER | |
| control field | NLI |
| 005 - DATE AND TIME OF LATEST TRANSACTION | |
| control field | 20210627091234.0 |
| 008 - FIXED-LENGTH DATA ELEMENTS--GENERAL INFORMATION | |
| fixed length control field | 111025s2008 xxkda g 001 0 eng d |
| 020 ## - INTERNATIONAL STANDARD BOOK NUMBER | |
| International Standard Book Number | 9780521873017 |
| Terms of availability | £72.00 |
| 039 #9 - LEVEL OF BIBLIOGRAPHIC CONTROL AND CODING DETAIL [OBSOLETE] | |
| Level of rules in bibliographic description | 201110251918 |
| Level of effort used to assign nonsubject heading access points | mrinalkb |
| -- | 201110251916 |
| -- | mrinalkb |
| 040 ## - CATALOGING SOURCE | |
| Original cataloging agency | NLI |
| Language of cataloging | eng |
| 041 0# - LANGUAGE CODE | |
| Language code of text/sound track or separate title | eng |
| 044 ## - COUNTRY OF PUBLISHING/PRODUCING ENTITY CODE | |
| MARC country code | xxk |
| 082 0# - DEWEY DECIMAL CLASSIFICATION NUMBER | |
| Classification number | 303.4834 |
| Edition number | 22 |
| 245 00 - TITLE STATEMENT | |
| Title | Psychological aspects of cyberspace : |
| Remainder of title | theory, research, applications/ |
| Statement of responsibility, etc. | edited by Azy Barak |
| 260 ## - PUBLICATION, DISTRIBUTION, ETC. | |
| Place of publication, distribution, etc. | Cambridge : |
| Name of publisher, distributor, etc. | The University Press, |
| Date of publication, distribution, etc. | 2008 |
| 300 ## - PHYSICAL DESCRIPTION | |
| Extent | xx, 298 p. : |
| Other physical details | ill.; |
| Dimensions | 27 cm. |
| 500 ## - GENERAL NOTE | |
| General note | This book is accompanied by a dynamic website (link http://www. cambridge. org./barak) in which the chapter contributors publish further ideas and additional information. Readers may ask questions and write comments to which authors respond. |
| 504 ## - BIBLIOGRAPHY, ETC. NOTE | |
| Bibliography, etc. note | Includes bibliographical references and index |
| 650 #0 - SUBJECT ADDED ENTRY--TOPICAL TERM | |
| Topical term or geographic name entry element | Cyberspace |
| General subdivision | Psychological aspects |
| 9 (RLIN) | 884963 |
| 650 #0 - SUBJECT ADDED ENTRY--TOPICAL TERM | |
| Topical term or geographic name entry element | Internet users |
| General subdivision | Psychology |
| 9 (RLIN) | 884964 |
| 700 12 - ADDED ENTRY--PERSONAL NAME | |
| Personal name | Barak, Azy, |
| Relationship | edt |
| 9 (RLIN) | 884965 |
| 887 ## - NON-MARC INFORMATION FIELD | |
| Content of non-MARC field | mrinal |
| 901 ## - LOCAL DATA ELEMENT A, LDA (RLIN) | |
| a | 565586 : |
| b | 31.5.2011 |
| 902 ## - LOCAL DATA ELEMENT B, LDB (RLIN) | |
| a | E/O 303.4834 P 959 |
| 904 ## - LOCAL DATA ELEMENT D, LDD (RLIN) | |
| a | mrinal |
| 949 ## - LOCAL PROCESSING INFORMATION (OCLC) | |
| -- | VIRTUAITEM |
| -- | 10000 |
| -- | 100 |
| 6 | PUR000565586ENG |
| 942 ## - ADDED ENTRY ELEMENTS (KOHA) | |
| Source of classification or shelving scheme | Dewey Decimal Classification |
| Koha item type | Books |
| Withdrawn status | Lost status | Damaged status | Not for loan | Collection code | Home library | Current library | Shelving location | Date acquired | Total Checkouts | Full call number | Barcode | Date last seen | Price effective from | Koha item type |
|---|---|---|---|---|---|---|---|---|---|---|---|---|---|---|
| New English Oversized | National Library of India | National Library of India | New English Oversized - Main Stack Division | E/O 303.4834 P 959 | PUR000565586ENG | 27/06/2021 | 27/06/2021 | Books |
